| 000 | 00420cam a2200157 4500 | ||
|---|---|---|---|
| 020 | _a0801812593 | ||
| 040 | _cDLC | ||
| 082 | 0 | 0 | _a338 JOH 1971 A069 Or. |
| 100 | 1 | _aHayami, Yūjirō, | |
| 245 | 1 | 0 |
_aAgricultural development; _ban international perspective |
| 260 |
_aBaltimore, _bJohns Hopkins Press _c[1971] |
||
| 300 |
_axiv, 367 p. _c24 cm. |
||
| 650 | 0 | _aAgriculture | |
| 700 | 1 | _aRuttan, Vernon W., | |
| 942 | _cEK | ||
| 999 |
_c14620 _d14620 |
||